| 000 | 00552nam a2200205Ia 4500 | ||
|---|---|---|---|
| 008 | 131103s9999 xx 000 0 und d | ||
| 020 | _aSBN 600006476 | ||
| 040 | _aLoreto College | ||
| 041 | _aEnglish | ||
| 082 |
_a704.947/MAC _bLCLIB/34322 |
||
| 100 | _aMacCana,Proinsias | ||
| 245 |
_aCeltic mythology _cProinsias MacCana |
||
| 260 |
_aLondon _bHamlyn _c1970 |
||
| 300 |
_a136 p. _c 28 cm. |
||
| 504 | _aIncludes bibliographical references and index | ||
| 650 | _aMythology | ||
| 651 | _aCeltic Mythology | ||
| 850 | _aLCLIB | ||
| 942 | _cBK | ||
| 999 |
_c17351 _d67830 |
||